El testamento social de Juan XXIII / (Record no. 85720)

MARC details
000 -LEADER
campo de control de longitud fija 00772nam a2200229 i 4500
001 - NÚMERO DE CONTROL
campo de control 85720
003 - IDENTIFICADOR DE NÚMERO DE CONTROL
campo de control ES-MaACL
005 - FECHA Y HORA DE LA ÚLTIMA TRANSACCIÓN
campo de control 20230906175307.0
007 - CAMPO FIJO DE DESCRIPCIÓN FÍSICA--INFORMACIÓN GENERAL
campo de control de longitud fija t|
008 - DATOS DE LONGITUD FIJA--INFORMACIÓN GENERAL
campo de control de longitud fija 041130s1969 sp ||||1| spa d
100 0# - ENTRADA PRINCIPAL--NOMBRE DE PERSONA
Nombre de persona Haubtmann, Pierre.
9 (RLIN) 62080
245 13 - MENCIÓN DEL TÍTULO
Título El testamento social de Juan XXIII /
Mención de responsabilidad, etc. Pierre Haubtmann ; prefacio de J. Ménager, Obispo de Meaux ; [traducido por Pedro Darnell].
250 ## - MENCION DE EDICION
Mención de edición [1ª ed.].
260 ## - PUBLICACIÓN, DISTRIBUCIÓN, ETC.
Lugar de publicación, distribución, etc. Barcelona :
Nombre del editor, distribuidor, etc. Nova Terra,
Fecha de publicación, distribución, etc. [1969]
300 ## - DESCRIPCIÓN FÍSICA
Extensión 427 p. ;
Dimensiones 19 cm.
600 04 - PUNTO DE ACCESO ADICIONAL DE MATERIA--NOMBRE DE PERSONA
Nombre de persona Juan
Numeración XIII
Títulos y otros términos asociados al nombre Papa, Santo.
9 (RLIN) 67136
650 #4 - PUNTO DE ACCESO ADICIONAL DE MATERIA--TÉRMINO DE MATERIA
Término de materia o nombre geográfico como elemento de entrada Iglesia y problemas sociales-
Subdivisión general Encíclicas.
9 (RLIN) 137973
700 1# - ENTRADA AGREGADA--NOMBRE PERSONAL
Nombre de persona Haubtmann, Pierre.
9 (RLIN) 62080
700 1# - ENTRADA AGREGADA--NOMBRE PERSONAL
Nombre de persona Ménager, J.
9 (RLIN) 80062
700 1# - ENTRADA AGREGADA--NOMBRE PERSONAL
Nombre de persona Darnell, Pedro.
9 (RLIN) 42741
852 ## - LOCALIZACIÓN
Ubicación ES-MaACL
Número de control de estantería C-36483
Sublocalización o colección R.69647
Holdings
Estatus retirado Estado de pérdida Estado de daño No para préstamo Biblioteca de origen Biblioteca actual Ubicación en estantería Fecha de adquisición Fuente de adquisición Total de préstamos Signatura topográfica completa Código de barras Visto por última vez Precio de reemplazo Tipo de ítem Koha
        Biblioteca del Ateneo de Madrid Biblioteca del Ateneo de Madrid Depósito 2 17/01/2008     C-36483 1089570 23/02/2023 23/02/2023 Libro impreso